00888nam a2200253 a 4500999001300000001000400013003000900017005001700026008004100043020001500084040002800099082002400127245007900151260004000230300003000270504005100300650002600351650003000377650003200407650003300439700002500472942001500497952012200512 c452d452787BD-DhUAP20210117095822.0200122s1997 enk b 001 0 eng d a984051399X aDLCcDLCdBD-DhUAPbEng00223a305.4091724 WOM04aThe women, gender, and development reader /cedited by Nalini Visvanathan. aDhaka :bUniversity Press, cc1997. axiii, 396 pages ;c24 cm. aIncludes bibliographical references and index. 0aWomen in development. 0aWomenxSocial conditions. 0aWomenxEconomic conditions. 0aWomenzDeveloping countries.1 aVisvanathan, Nalini,00012ddccBK 00102ddc4070aUAPCLbUAPCLcGeneral Stacksd2020-01-22o305.4091724 WOMp3010000787r2020-01-22t1w2020-01-22yBK